000 00993nam a2200301Ia 4500
001 10967
003 IT-RoPAU
008 130308s9999 xx 000 0 und d
040 _aIT-RoPAU
040 _cIT-RoPAU
041 _aFRANCESE
100 _aZacharia Michele
100 _gCodice Aut. SPICS: 3204
245 _aOrthographe (L')
245 _bSavoir Ecrire Moderne (Le)
250 _a1a ed.
260 _aPARIS
260 _bRetz
260 _c1980 [1° Ed.:1980 - Ed.Ling.Originale:1980]
300 _a"54 p. (prefazione: no ; testo: 54 [pagine: 323-376])"
500 _aOrtografia Originalità dell'ortografia Francese Difficoltà nella finale delle Parole Ortografia e Pronuncia Parole a Ortografia Invariabile Ortografia e vocabolario Questioni di Genere e di numero Sviluppo della Memoria Ortografica Codice Ortografico
650 _aSAGGI DI LINGUISTICA
650 _eCodice materia Spics: 3207
942 _cBK
957 _71
999 _c40146
_d40146
999 _bSI
999 _g1